LEADER 01048nam a2200265 a 4500 001 000000131516 003 CaOOAMICUS 005 20121122104334.0 008 121122s1974 it af u000 u ita r 040 $aPUL$bita 100 1 $aBotto, Oscar.$0(OLS)http://pul/name/7916 245 10$aBuddha e il Buddhismo /$cOscar Botto. 260 $aFossano :$bEditrice Esperienze,$c©1974. 300 $a244 p., [3] p. di tav. :$bill. ;$c22 cm 490 1 $aMaestri di spiritualitą.$aMondo orientale 504 $aBibliografia: p. 209-221. 650 4$aBudda e buddismo.$0(OLS)http://pul/subject/10833 830 0$aMaestri di spiritualitą.$pMondo orientale.$0(OLS)http://pul/title/166138 850 $aPUL 852 $aPUL$W1$xDP1 Fondo E. Rossi$y115$m1 B 137$j151787$qFondi$B150725$CPULBib$Z2$F150725 $82 941 1 $a1 961 $aSul dorso collocazione ms. di E. Rossi: B 78 996 $6245$aBuddha e il Buddhismo$9(OLS)http://pul/title/166139 996 $6260$aFossano :$bEditrice Esperienze$9(OLS)http://pul/publisher/51270 LEADER 01571nam a2200301 a 4500 001 000000131288 003 CaOOAMICUS 005 20121114100637.0 008 121114s2012 it u000 u ita r 020 $a978-88-348-2913-4 040 $aPUL$bita 082 04$a341.72 100 1 $aPasquali, Leonardo.$0(OLS)http://pul/name/84270 245 13$aIl contributo delle organizzazioni regionali al mantenimento della pace e della sicurezza internazionale con mezzi non implicanti l'uso della forza /$cLeonardo Pasquali. 260 $aTorino :$bG. Giappichelli,$c©2012. 300 $aXXVII, 318 p. ;$c24 cm. 490 1 $aQuaderni del Dipartimento di diritto pubblico (Universitą di Pisa) ;$v61 650 4$aCooperazione internazionale.$0(OLS)http://pul/subject/14987 650 4$aPace internazionale.$0(OLS)http://pul/subject/18832 830 0$aQuaderni del Dipartimento di diritto pubblico (Universitą di Pisa) ;$v61.$0(OLS)http://pul/title/93578 850 $aPUL 852 $aPUL$W1$xSL Diritto e Scienze Sociali 3$y79$m341. 72 PASLE 1$j151584$qDDC 21$q $B150480$CPULBib$Z2$F150480 $H121038 $81 941 1 $a9 996 $6020$a978-88-348-2913-4$9(OLS)http://pul/number/150992 996 $6082$a341.72$9(OLS)http://pul/classification/2393 996 $6245$aIl contributo delle organizzazioni regionali al mantenimento della pace e della sicurezza internazionale con mezzi non implicanti l'uso della forza$9(OLS)http://pul/title/165850 996 $6260$aTorino :$bG. Giappichelli$9(OLS)http://pul/publisher/49130